| 000 | 00564nam a22002177a 4500 | ||
|---|---|---|---|
| 999 |
_c9269 _d9269 |
||
| 001 | 9269 | ||
| 003 | BD-JhCC | ||
| 005 | 20180312130625.0 | ||
| 008 | 180312b1959 uk ||||| |||| 00| 0 eng d | ||
| 035 | _a(BD-JhCC)9269 | ||
| 040 |
_aBD-JhCC _dBD-JhCC |
||
| 041 | _aeng | ||
| 082 |
_a297.09 _bMAH 1959 |
||
| 100 | _aMahmud, Group Captain S. F. | ||
| 245 |
_aThe Story of Islam _cGroup Captain S. F. Mahmud |
||
| 260 |
_aLondon : _bOxford University Press _c1959. |
||
| 300 |
_a354 p. : _c18 cm. |
||
| 650 |
_aIslam _zHistory |
||
| 942 |
_2ddc _cBK |
||